000 00800 a2200217 4500
999 _c4519
_d4519
020 _a0335200699
020 _a0335200680 (pbk.)
050 0 0 _aLC191.8COF2001
100 1 _aCoffey, Amanda,
_d1967-
245 1 0 _aEducation and social change /
_cAmanda Coffey.
264 _aPhiladelphia:
_bopen university press,
_cc2001
300 _a142 p. :
440 0 _aSociology and social change
500 _aincludes index
504 _aIncludes bibliographical references (p. [118]-135) and index.
650 0 _aEducational sociology
650 0 _aEducational change
650 0 _aEducation and state
942 _2lcc
_cBK
_h191.8.
_iCOF
_kLC